000 00941cam a22002294a 4500
005 20250605164033.0
008 250528s ||||||||||||||||||||||||d
035 _a16715
020 _a761971874
040 _aGR-AtMCL
_bgre
_dGR-AtMCL
_eAACR2
245 1 _aA Short Introduction to Psychoanalysis
250 _a1st
260 _bSage Publications,
_c2004
300 _a192
520 _aThe ideal ''way-in'' to the subject for new readers. Preface, Acknowledgements, What is Psychoanalysis, Basic of Psychoanalytic Theory, A Brief History of Psychoanalysis, Psychoanalysis Across Cultures, Critiques of Psychoanalysis, Psychoanalysis and Research, Psychoanalysis Beyond the Consulting Room, Psychoanalysis and the Psychotherapies, The Profession, References, Index.
700 1 _aFabricius Julia
_92805
700 1 _aMilton Jane
_92806
700 1 _aPolmear Caroline
_92807
942 _cBK
999 _c2188
_d2188